00672nam a2200193 a 4500008004100000020002200041100002400063245014900087260004400236300002100280504004100301500002000342650003900362650002800401700002200429003000100451005001700452040000900469  a0750619473 (pbk.)1 aThomas, C. L. Paul.10aSampling source book :ban indexed bibliography of the literature of sampling /c[compiled and] edited by C. L. Paul Thomas and Helen Schofield. aOxford :bButterworth-Heinemann,c1995. a285 p. ;c25 cm. aIncludes bibliographical references. aIncludes index. 0aChemistry, AnalyticxBibliography. 0aSamplingxBibliography.1 aSchofield, Helen.20230123133207.0 cNUST